Statistics for U.S. State Seals

Click here to take the quiz!

General Stats

  • This quiz has been taken 83 times
  • The average score is 36 of 50

Answer Stats

Answer% Correct
Alabama
96%
Washington
96%
Louisiana
93%
Maryland
87%
Rhode Island
84%
Virginia
84%
Utah
82%
Hawaii
80%
New Mexico
80%
New York
80%
California
78%
Illinois
78%
Kentucky
78%
Michigan
78%
Arizona
76%
Colorado
76%
Florida
76%
Texas
76%
New Hampshire
73%
Connecticut
71%
Delaware
71%
Kansas
71%
Massachusetts
71%
Missouri
71%
New Jersey
71%
Oklahoma
71%
South Carolina
71%
Wisconsin
71%
Alaska
69%
Georgia
69%
Maine
69%
Nebraska
69%
Idaho
67%
Minnesota
67%
Nevada
67%
Oregon
67%
Indiana
64%
North Carolina
64%
South Dakota
64%
Vermont
64%
Iowa
62%
Montana
62%
Tennessee
62%
Wyoming
62%
Mississippi
60%
Ohio
60%
West Virginia
60%
North Dakota
58%
Arkansas
56%
Pennsylvania
53%

Score Distribution

Percentile by Number Answered

Percent of People with Each Score

Your Score History

You have not taken this quiz